Relegation zur 1. Fussball Bundesliga - Statistiken

Allgemein
  • Dieses Quiz wurde 72 mal gespielt
  • Das Durchschnittsergebnis liegt bei 52 aus 68
Antwortstatistiken
Erstligist 2 Liga Nord 2 Liga Süd % Korrekt
1. FC Köln
98%
Hamburger SV
97%
Hamburger SV
97%
Hamburger SV
97%
Hamburger SV
97%
Stuttgarter Kickers
97%
VfB Stuttgart
97%
VfB Stuttgart
97%
1. FC Heidenheim
95%
1. FC Heidenheim
95%
Fortuna Düsseldorf
95%
Fortuna Düsseldorf
95%
Union Berlin
95%
VfL Bochum
95%
VfL Bochum
95%
VfL Bochum
95%
Eintracht Frankfurt
92%
Eintracht Frankfurt
92%
Eintracht Frankfurt
92%
Hertha BSC
90%
Hertha BSC
90%
SpVgg Elversberg
90%
Greuther Fürth
88%
VfL Wolfsburg
88%
VfL Wolfsburg
88%
1. FC Kaiserslautern
87%
1. FC Nürnberg
87%
1. FC Nürnberg
87%
1. FC Nürnberg
87%
1. FC Nürnberg
87%
1. FC Nürnberg
87%
Eintracht Braunschweig Eintracht Braunschweig Kickers Offenbach
85%
Eintracht Braunschweig
85%
FC Augsburg
85%
Holstein Kiel
85%
Holstein Kiel
85%
TSG Hoffenheim
85%
Borussia Mönchengladbach
83%
Karlsruher SC
77%
Karlsruher SC
77%
MSV Duisburg
77%
TSV 1860 München
75%
FC St. Pauli
73%
FC St.Pauli
73%
Rot Weiss Essen Rot Weiss Essen 1. FC Nürnberg
70%
Rot Weiss Essen Rot Weiss Essen Karlsruher SC
70%
Werder Bremen
70%
Arminia Bielefeld Arminia Bielefeld TSV 1860 München
68%
Arminia Bielefeld
68%
Borussia Dortmund Borussia Dortmund 1. FC Nürnberg
68%
Borussia Dortmund
68%
Waldhof Mannheim
68%
1. FC Saarbrücken
65%
1. FC Saarbrücken
65%
1. FC Saarbrücken
65%
SV Darmstadt 98
65%
Bayer Leverkusen
60%
Energie Cottbus
60%
Kickers Offenbach
50%
Kickers Offenbach
50%
Bayer Uerdingen 05 Bayer Uerdingen 05 FK Pirmasens
48%
Bayer Uerdingen 05 Bayer Uerdingen 05 SpVgg Bayreuth
48%
Bayer Uerdingen 05
48%
FC Homburg
42%
Fortuna Köln
33%
FC Schalke 04
30%
SpVgg Bayreuth
15%
FK Pirmasens
10%
Keine übereinstimmenden Quizze gefunden
Verteilung der Resultate
Anzahl Personen mit jedem Resultat
Perzentil nach korrekt beantworteten Fragen
Ihre Resultats-Entwicklung
Sie haben dieses Quiz noch nicht gespielt